Breve tecnología del petróleo (Record no. 133401)
[ view plain ]
| 000 -LEADER | |
|---|---|
| campo de control de longitud fija | 00714nam a2200169 4500 |
| 001 - NÚMERO DE CONTROL | |
| campo de control | 133401 |
| 003 - IDENTIFICADOR DE NÚMERO DE CONTROL | |
| campo de control | ES-MaACL |
| 005 - FECHA Y HORA DE LA ÚLTIMA TRANSACCIÓN | |
| campo de control | 20230906194410.0 |
| 007 - CAMPO FIJO DE DESCRIPCIÓN FÍSICA--INFORMACIÓN GENERAL | |
| campo de control de longitud fija | t| |
| 008 - DATOS DE LONGITUD FIJA--INFORMACIÓN GENERAL | |
| campo de control de longitud fija | 070214s1957 sp r ||||1| spa d |
| 100 1# - ENTRADA PRINCIPAL--NOMBRE DE PERSONA | |
| Nombre de persona | Ruf, Heinrich. |
| 9 (RLIN) | 100540 |
| 245 10 - MENCIÓN DEL TÍTULO | |
| Título | Breve tecnología del petróleo |
| Resto del título | : exposición de los métodos conducentes a la obtención y transformación de los petróleos naturales en productos comerciales / |
| Mención de responsabilidad, etc. | Heinrich Ruf ; versión del alemán por Juan Antonio Pérez Bustamante. |
| 260 ## - PUBLICACIÓN, DISTRIBUCIÓN, ETC. | |
| Lugar de publicación, distribución, etc. | Madrid : |
| Nombre del editor, distribuidor, etc. | Tecnos, |
| Fecha de publicación, distribución, etc. | 1957. |
| 300 ## - DESCRIPCIÓN FÍSICA | |
| Extensión | 318 p., 1 lám. : |
| Otras características físicas | il. ; |
| Dimensiones | 22 cm + |
| Material acompañante/anejo | 3 gráf. pleg. |
| 700 1# - ENTRADA AGREGADA--NOMBRE PERSONAL | |
| Nombre de persona | Pérez-Bustamante de Monasterio, Juan Antonio. |
| 9 (RLIN) | 90686 |
| 852 ## - LOCALIZACIÓN | |
| Ubicación | ES-MaACL |
| Número de control de estantería | C-14117 |
| Sublocalización o colección | R.41849 |
| Estatus retirado | Estado de pérdida | Estado de daño | No para préstamo | Biblioteca de origen | Biblioteca actual | Ubicación en estantería | Fecha de adquisición | Fuente de adquisición | Total de préstamos | Signatura topográfica completa | Código de barras | Visto por última vez | Precio de reemplazo | Tipo de ítem Koha |
|---|---|---|---|---|---|---|---|---|---|---|---|---|---|---|
| Biblioteca del Ateneo de Madrid | Biblioteca del Ateneo de Madrid | Sala Palomar | 17/01/2008 | C-14117 | 1138876 | 23/02/2023 | 23/02/2023 | Libro impreso |
